LEADER 00827nam0-22003131i-450- 001 990000140860403321 005 20040114143422.0 010 $a88-08-03488-7 035 $a000014086 035 $aFED01000014086 035 $a(Aleph)000014086FED01 035 $a000014086 100 $a20020821d1984----km-y0itay50------ba 101 0 $aita 102 $aIT 105 $aa---a---001yy 200 1 $aElettrodinamica classica$fJohn D. Jackson 210 $aBologna$cZanichelli$d1984 215 $aXVII, 771 p.$cill.$d24 cm 610 0 $aElettrodinamica 676 $a537.6 700 1$aJackson,$bJohn David$01072 801 0$aIT$bUNINA$gRICA$2UNIMARC 901 $aBK 912 $a990000140860403321 952 $a13 N 31 30$b10235$fFINBC 959 $aFINBC 996 $aClassical electrodynamics$920386 997 $aUNINA LEADER 00727nam0-22003131i-450- 001 990003280300403321 005 20001010 035 $a000328030 035 $aFED01000328030 035 $a(Aleph)000328030FED01 035 $a000328030 100 $a20000920d1963----km-y0itay50------ba 101 0 $aita 105 $ay-------001yy 200 1 $aUMBRIA 205 $a1 210 $aTorino$cUTET$d1963 215 $app.441 610 0 $aUmbria 676 $a021.010 700 1$aPedrini,$bMaria Rosa$0376750 801 0$aIT$bUNINA$gRICA$2UNIMARC 901 $aBK 912 $a990003280300403321 952 $a021.010.PED$b26066$fDECGE 959 $aDECGE 996 $aUMBRIA$9451313 997 $aUNINA DB $aING01